Amelia / (Record no. 115277)

MARC details
000 -LEADER
campo de control de longitud fija 00744nam a2200241 i 4500
001 - NÚMERO DE CONTROL
campo de control 115277
003 - IDENTIFICADOR DE NÚMERO DE CONTROL
campo de control ES-MaACL
005 - FECHA Y HORA DE LA ÚLTIMA TRANSACCIÓN
campo de control 20250707062627.0
007 - CAMPO FIJO DE DESCRIPCIÓN FÍSICA--INFORMACIÓN GENERAL
campo de control de longitud fija t|
008 - DATOS DE LONGITUD FIJA--INFORMACIÓN GENERAL
campo de control de longitud fija 070228s1910 sp ||||1| spa d
080 ## - NÚMERO DE LA CLASIFICACIÓN DECIMAL UNIVERSAL
Número de la Clasificación Decimal Universal 821.134.2-32"18"
100 1# - ENTRADA PRINCIPAL--NOMBRE DE PERSONA
Nombre de persona Vivero, Gustavo.
9 (RLIN) 115565
245 10 - MENCIÓN DEL TÍTULO
Título Amelia /
Mención de responsabilidad, etc. por Gustavo Vivero ; ilustraciones de García Guijo.
260 ## - PUBLICACIÓN, DISTRIBUCIÓN, ETC.
Lugar de publicación, distribución, etc. Madrid :
Nombre del editor, distribuidor, etc. El Cuento Semanal,
Fecha de publicación, distribución, etc. 1910.
300 ## - DESCRIPCIÓN FÍSICA
Extensión 20 p. :
Otras características físicas il. col. y n. ;
Dimensiones 26 cm.
490 1# - MENCIÓN DE SERIE
Mención de serie El cuento semanal ;
Designación de volumen o secuencia 178
500 ## - NOTA GENERAL
Nota general Todas las páginas deterioradas.
700 0# - ENTRADA AGREGADA--NOMBRE PERSONAL
Nombre de persona García-Guijo
Títulos y otros términos asociados al nombre , ilustrador.
9 (RLIN) 54737
830 03 - PUNTO DE ACCESO ADICIONAL DE SERIE-TÍTULO UNIFORME
Título uniforme El cuento semanal
Designación de volumen o secuencia 178
9 (RLIN) 185957
852 ## - LOCALIZACIÓN
Ubicación ES-MaACL
Número de control de estantería G-4445(21)
852 ## - LOCALIZACIÓN
Ubicación ES-MaACL
Número de control de estantería 2330-F-7
Holdings
Estatus retirado Estado de pérdida Fuente del sistema de clasificación o colocación Estado de daño Restricciones de uso No para préstamo Biblioteca de origen Biblioteca actual Ubicación en estantería Fecha de adquisición Total de préstamos Signatura topográfica completa Código de barras Visto por última vez Precio de reemplazo Tipo de ítem Koha Colección Fuente de adquisición
    Clasificación decimal universal   Duplicado   Biblioteca del Ateneo de Madrid Biblioteca del Ateneo de Madrid Depósito 2 17/01/2008   G-4445(21) 1120198 23/02/2023 23/02/2023 Libro impreso    
            Biblioteca del Ateneo de Madrid Biblioteca del Ateneo de Madrid Depósito folletos 03/03/2015   2330-F-7 1193551 23/02/2023 23/02/2023 Folleto Colección de folletos